Inmunología / (Registro nro. 48937)
[ vista simple ]
| 000 -LEADER | |
|---|---|
| fixed length control field | 01187cam a2200325 i 4500 |
| 001 - CONTROL NUMBER | |
| control field | 48937 |
| 003 - CONTROL NUMBER IDENTIFIER | |
| control field | Mx-PuUPA |
| 005 - DATE AND TIME OF LATEST TRANSACTION | |
| control field | 20240410104033.0 |
| 008 - FIXED-LENGTH DATA ELEMENTS--GENERAL INFORMATION | |
| fixed length control field | 140415s2004 mx a r 000 0 spa d |
| 020 ## - INTERNATIONAL STANDARD BOOK NUMBER | |
| International Standard Book Number | 9701047109 |
| 040 ## - CATALOGING SOURCE | |
| Original cataloging agency | MX-PuUPA |
| Language of cataloging | spa |
| Description conventions | rda |
| Transcribing agency | Mx-PuUPA |
| Modifying agency | Mx-PuUPA |
| 041 1# - LANGUAGE CODE | |
| Language code of text/sound track or separate title | spa |
| Language code of original | eng |
| 100 1# - MAIN ENTRY--PERSONAL NAME | |
| Personal name | Goldsby, Richard A., |
| Relator term | autor |
| 9 (RLIN) | 3244 |
| 240 ## - UNIFORM TITLE | |
| Uniform title | Immunology. |
| Language of a work | Español |
| 245 10 - TITLE STATEMENT | |
| Title | Inmunología / |
| Statement of responsibility, etc. | Richard A. Goldsby, Thomas J. Kindt, Barbara A. Osborne [y otro] ; traducción, Jorge Orizaga Samperio [y otros dos]. |
| 250 ## - EDITION STATEMENT | |
| Edition statement | Primera edición |
| 264 #1 - PRODUCTION, PUBLICATION, DISTRIBUTION, MANUFACTURE, AND COPYRIGHT NOTICE | |
| Place of production, publication, distribution, manufacture | México, D. F. : |
| Name of producer, publisher, distributor, manufacturer | McGraw-Hill Interamericana Editores, |
| Date of production, publication, distribution, manufacture, or copyright notice | 2004 |
| 300 ## - PHYSICAL DESCRIPTION | |
| Extent | xxvi, 665 páginas : |
| Other physical details | ilustraciones (principalmente color) ; |
| Dimensions | 28 cm. |
| 336 ## - CONTENT TYPE | |
| Content type term | texto |
| Fuente | rdacontent |
| Content type code | txt |
| 337 ## - MEDIA TYPE | |
| Media type term | sin medio |
| Source | rdamedia |
| Media type code | n |
| 338 ## - CARRIER TYPE | |
| Carrier type term | volumen |
| Source | rdacarrier |
| Carrier type code | nc |
| 650 #4 - SUBJECT ADDED ENTRY--TOPICAL TERM | |
| Topical term or geographic name entry element | Inmunología |
| 700 1# - ADDED ENTRY--PERSONAL NAME | |
| Personal name | Kindt, Thomas J., |
| Dates associated with a name | 1939- |
| Relator term | autor |
| 9 (RLIN) | 3242 |
| 700 1# - ADDED ENTRY--PERSONAL NAME | |
| Personal name | Osborne, Barbara Anne, |
| Relator term | autor |
| 9 (RLIN) | 4969 |
| 700 1# - ADDED ENTRY--PERSONAL NAME | |
| Personal name | Orizaga Samperio, Jorge, |
| Relator term | traductor |
| 765 08 - ORIGINAL LANGUAGE ENTRY | |
| Main entry heading | Goldsby, Richard A., |
| Title | Immunology |
| 942 ## - ADDED ENTRY ELEMENTS (KOHA) | |
| Source of classification or shelving scheme | Dewey Decimal Classification |
| Koha item type | Libro |
| Classification part | 616.079 |
| Item part | I57 |
| Withdrawn status | Lost status | Source of classification or shelving scheme | Damaged status | Not for loan | Collection code | Home library | Current library | Shelving location | Date acquired | Source of acquisition | Total Checkouts | Full call number | Barcode | Date last seen | Date last checked out | Copy number | Price effective from | Koha item type | Checked out | Total Renewals |
|---|---|---|---|---|---|---|---|---|---|---|---|---|---|---|---|---|---|---|---|---|
| Dewey Decimal Classification | General | Biblioteca Karol Wojtyla | Biblioteca Karol Wojtyla | Sala general | 03/12/2013 | Compra | 4 | 616.079 INM 2004 | 76777 | 05/01/2026 | 18/02/2020 | Ej.10 | 03/12/2013 | Libro | ||||||
| Extraviado | Dewey Decimal Classification | General | Biblioteca Karol Wojtyla | Biblioteca Karol Wojtyla | Sala general | 03/12/2013 | Compra | 616.079 GOL | 84797 | Ej.11 | 03/12/2013 | Libro | ||||||||
| Dewey Decimal Classification | General | Biblioteca Karol Wojtyla | Biblioteca Karol Wojtyla | Sala general | 03/12/2013 | Compra | 1 | 616.079 INM 2004 | 73197 | 28/02/2018 | 28/02/2018 | Ej.5 | 03/12/2013 | Libro | 28/02/2018 | |||||
| Extraviado | Dewey Decimal Classification | General | Biblioteca Karol Wojtyla | Biblioteca Karol Wojtyla | Sala general | 03/12/2013 | Compra | 616.079 INM 2004 | 73196 | Ej.4 | 03/12/2013 | Libro | ||||||||
| Dewey Decimal Classification | General | Biblioteca Karol Wojtyla | Biblioteca Karol Wojtyla | Sala general | 03/12/2013 | Compra | 21 | 616.079 INM 2004 | 73200 | 05/01/2026 | 12/03/2020 | Ej.8 | 24/10/2017 | Libro | 2 | |||||
| Dewey Decimal Classification | General | Biblioteca Karol Wojtyla | Biblioteca Karol Wojtyla | Sala general | 03/12/2013 | Compra | 6 | 616.079 INM 2004 | 73193 | 05/01/2026 | 18/09/2025 | Ej.1 | 03/12/2013 | Libro | 1 | |||||
| Dewey Decimal Classification | General | Biblioteca Karol Wojtyla | Biblioteca Karol Wojtyla | Sala general | 03/12/2013 | Compra | 1 | 616.079 INM 2004 | 73199 | 05/12/2012 | 05/12/2012 | Ej.7 | 03/12/2013 | Libro | 05/12/2012 | |||||
| Dewey Decimal Classification | General | Biblioteca Karol Wojtyla | Biblioteca Karol Wojtyla | Sala general | 03/12/2013 | Compra | 15 | 616.079 INM 2004 | 73198 | 05/01/2026 | 11/10/2021 | Ej.6 | 12/11/2014 | Libro | 6 | |||||
| Dewey Decimal Classification | General | Biblioteca Karol Wojtyla | Biblioteca Karol Wojtyla | Sala general | 03/12/2013 | Compra | 14 | 616.079 INM 2004 | 73194 | 05/01/2026 | 26/08/2025 | Ej.2 | 03/12/2013 | Libro | 4 | |||||
| Dewey Decimal Classification | General | Biblioteca Karol Wojtyla | Biblioteca Karol Wojtyla | Sala general | 03/12/2013 | Compra | 36 | 616.079 INM 2004 | 73192 | 05/01/2026 | 15/08/2024 | 03/08/2017 | Libro | 6 | ||||||
| Extraviado | Dewey Decimal Classification | General | Biblioteca Karol Wojtyla | Biblioteca Karol Wojtyla | Sala general | 03/12/2013 | Compra | 616.079 INM 2004 | 73195 | Ej.3 | 03/12/2013 | Libro | ||||||||
| Extraviado | Dewey Decimal Classification | General | Biblioteca Karol Wojtyla | Biblioteca Karol Wojtyla | Sala general | 03/12/2013 | Compra | 616.079 INM 2004 | 76714 | Ej.9 | 03/12/2013 | Libro |